000 00841nam a2200229Ii 4500
003 JO-AjNU
008 230605s9999||||xx |||||||||||||| ||und||
017 _a2004/3/456
020 _a9957-11-489-1
040 _aJO-AjNU
_bara
_erda
_cJO-AjNU
041 _aara
050 1 4 _aT58.6.T34 2004
100 3 _aتاليف الطائي، محمد بن حسين آل فرج,
_eauthor
_962119
245 0 0 _aنظم المعلومات الادارية المتقدمة
250 _aط1
264 3 1 _aعمان: دار وائل للنشر والتوزيع، 2004
300 _a245ص
336 _atext
_btxt
_2rdacontent
337 _aunmediated
_bn
_2rdamedia
338 _avolume
_bnc
_2rdacarrier
650 4 _aادارة الاعمال-المعلومات الاقتصادية-دراسات السوق-المعلومات التجارية
_962120
999 _aA28114
_c31682
_d31682